The economics of money and banking
| Main Author: | |
|---|---|
| Format: | Book |
| Published: |
New York :
Harper & Row publishers ,
1986
|
| Subjects: |
MARC
| LEADER | 00000cam a2200000 7i4500 | ||
|---|---|---|---|
| 001 | 0000062669 | ||
| 005 | 20160418.0 | ||
| 008 | 160418 | ||
| 020 | |a 0060424060 | ||
| 090 | 0 | 0 | |a 332.4 |b GOL |
| 100 | 1 | |a Goldfeld,Stephen M. | |
| 245 | 1 | 1 | |a The economics of money and banking |c Stephen M.Goldfeld;Lester V.Chandler |
| 260 | |a New York : |b Harper & Row publishers , |c 1986 | ||
| 500 | |a Includes bibliographies,index | ||
| 650 | 0 | |a Banks and banking | |
| 650 | 0 | |a Money | |
| 999 | |a 0000358670 |b Book |c Adult Collection |e Cawangan Pontian | ||